<?xml version="1.0" encoding="UTF-8"?>
<record
    xmlns:xsi="http://www.w3.org/2001/XMLSchema-instance"
    xsi:schemaLocation="http://www.loc.gov/MARC21/slim http://www.loc.gov/standards/marcxml/schema/MARC21slim.xsd"
    xmlns="http://www.loc.gov/MARC21/slim">

  <leader>01994nam a2200325 i 4500</leader>
  <controlfield tag="003">vecauma</controlfield>
  <controlfield tag="005">20260414124312.0</controlfield>
  <controlfield tag="007">ta</controlfield>
  <controlfield tag="008">260410t1997    mx |||||r|||| 00| 0 spa d</controlfield>
  <datafield tag="020" ind1=" " ind2=" ">
    <subfield code="a">9701700457</subfield>
  </datafield>
  <datafield tag="040" ind1=" " ind2=" ">
    <subfield code="a">vecauma</subfield>
    <subfield code="b">spa</subfield>
    <subfield code="c">vecauma</subfield>
    <subfield code="d">vecauma</subfield>
    <subfield code="e">rda</subfield>
  </datafield>
  <datafield tag="041" ind1="1" ind2=" ">
    <subfield code="a">spa</subfield>
    <subfield code="h">eng</subfield>
  </datafield>
  <datafield tag="099" ind1=" " ind2=" ">
    <subfield code="a">QA76.64</subfield>
    <subfield code="b">M3</subfield>
    <subfield code="c">1997</subfield>
  </datafield>
  <datafield tag="100" ind1="1" ind2=" ">
    <subfield code="a">Martin, James, </subfield>
    <subfield code="d">1933-2013</subfield>
    <subfield code="e">autor</subfield>
    <subfield code="9">13545</subfield>
  </datafield>
  <datafield tag="245" ind1="1" ind2=" ">
    <subfield code="a">M&#xE9;todos orientados a objetos :</subfield>
    <subfield code="b">conceptos fundamentales</subfield>
    <subfield code="c">/ James Martin, James J. Odell ; traducci&#xF3;n, &#xD3;scar Alfredo Palmas Velasco ; revisi&#xF3;n t&#xE9;cnica, Guillermo Levine Guti&#xE9;rrez.</subfield>
  </datafield>
  <datafield tag="264" ind1=" " ind2="1">
    <subfield code="a">M&#xE9;xico, D.F. :</subfield>
    <subfield code="b">Prentice Hall,</subfield>
    <subfield code="c">1997.</subfield>
  </datafield>
  <datafield tag="264" ind1=" " ind2="4">
    <subfield code="c">&#xA9;1997.</subfield>
  </datafield>
  <datafield tag="300" ind1=" " ind2=" ">
    <subfield code="a">412 p&#xE1;ginas.</subfield>
  </datafield>
  <datafield tag="336" ind1=" " ind2=" ">
    <subfield code="a">texto</subfield>
    <subfield code="b">txt</subfield>
    <subfield code="2">rdacontenido</subfield>
  </datafield>
  <datafield tag="337" ind1=" " ind2=" ">
    <subfield code="a">no mediado</subfield>
    <subfield code="b">n</subfield>
    <subfield code="2">rdamedio</subfield>
  </datafield>
  <datafield tag="338" ind1=" " ind2=" ">
    <subfield code="a">volumen</subfield>
    <subfield code="b">nc</subfield>
    <subfield code="2">rdasoporte</subfield>
  </datafield>
  <datafield tag="500" ind1=" " ind2=" ">
    <subfield code="a">Incluye &#xED;ndice.</subfield>
  </datafield>
  <datafield tag="505" ind1="0" ind2=" ">
    <subfield code="a">La base de la OO : la estructura objeto. -- Fundamentos de la OO : comportamiento del objeto. -- Nivel ampliado de los fundamentos de la OO. -- Representaci&#xF3;n de construcciones de AOO. -- Dise&#xF1;o e implementaci&#xF3;n. &#x2013; Ap&#xE9;ndices.</subfield>
  </datafield>
  <datafield tag="520" ind1="3" ind2=" ">
    <subfield code="a">La metodolog&#xED;a orientada a objetos que se presenta en este libro no es un procedimiento que modela la realidad sino la forma en que las personas la comprenden y procesan. A diferencia de otros libros, los fundamentos presentados aqu&#xED; est&#xE1;n formados por las ideas centrales del pensamiento humano. James Martin y James J. Odell demuestran c&#xF3;mo elaborar y utilizar estos fundamentos para comunicarse y comprender nuestro mundo. Adem&#xE1;s, muestran a los lectores como utilizarlos para generar una implementaci&#xF3;n. Al presentar un concepto b&#xE1;sico y formal que soporta pr&#xE1;cticamente cualquier metodolog&#xED;a al desarrollo de los sistemas.</subfield>
  </datafield>
  <datafield tag="534" ind1=" " ind2=" ">
    <subfield code="p">T&#xED;tulo original:</subfield>
    <subfield code="t">Object-oriented methods : a foundation</subfield>
  </datafield>
  <datafield tag="650" ind1="1" ind2="0">
    <subfield code="9">13988</subfield>
    <subfield code="a">DISE&#xD1;O ORIENTADO A OBJETOS</subfield>
  </datafield>
  <datafield tag="700" ind1="1" ind2=" ">
    <subfield code="9">13989</subfield>
    <subfield code="a">Odell, James J.,</subfield>
    <subfield code="d">1946-</subfield>
    <subfield code="e">autor</subfield>
  </datafield>
  <datafield tag="942" ind1=" " ind2="1">
    <subfield code="2">lcc</subfield>
    <subfield code="n">0</subfield>
    <subfield code="c">BK</subfield>
  </datafield>
  <datafield tag="999" ind1=" " ind2=" ">
    <subfield code="c">13342</subfield>
    <subfield code="d">13342</subfield>
  </datafield>
  <datafield tag="952" ind1=" " ind2=" ">
    <subfield code="0">0</subfield>
    <subfield code="1">0</subfield>
    <subfield code="2">lcc</subfield>
    <subfield code="4">0</subfield>
    <subfield code="7">0</subfield>
    <subfield code="8">CG</subfield>
    <subfield code="a">BUMA</subfield>
    <subfield code="b">BUMA</subfield>
    <subfield code="c">GEN</subfield>
    <subfield code="d">2026-04-10</subfield>
    <subfield code="e">Donaci&#xF3;n de Alejandro Teruel</subfield>
    <subfield code="l">0</subfield>
    <subfield code="o">QA76.64 M3 1997</subfield>
    <subfield code="p">00006894</subfield>
    <subfield code="r">2026-04-10</subfield>
    <subfield code="w">2026-04-10</subfield>
    <subfield code="y">BK</subfield>
  </datafield>
</record>
